[Event "74th Tata Steel GMB"]
[Site "Wijk aan Zee NED"]
[Date "2012.01.15"]
[Round "2"]
[White "Vocaturo,D"]
[Black "Cmilyte,V"]
[Result "1-0"]
[WhiteElo "2545"]
[BlackElo "2503"]

1.e4 c5 2.Nc3 Nc6 3.Bb5 Nd4 4.Bc4 Nf6 5.Nge2 a6 6.d3 b5 7.Bb3 e6 8.O-O Nc6
9.Ng3 Be7 10.Bg5 h6 11.Bxf6 Bxf6 12.f4 Bd4+ 13.Kh1 O-O 14.Qh5 Kh7 15.e5 d5
16.exd6 f5 17.Rae1 Qxd6 18.Nce4 fxe4 19.Nxe4 g6 20.Qh3 Qc7 21.Bxe6 Kg7 22.c3 Bxe6
23.Qxe6 Rae8 24.Qg4 h5 25.Qh4 Ne7 26.cxd4 Nf5 27.Qf2 cxd4 28.Rc1 Qd7 29.Rc5 Rc8
30.Rfc1 Rxc5 31.Nxc5 Qc6 32.Nb3 Qd6 33.g3 h4 34.Kg1 hxg3 35.hxg3 Re8 36.Nd2 Ne3
37.Qf3 Qd7 38.Ne4 Rc8 39.Rc5 Qb7 40.b4 Rxc5 41.bxc5 Qd5 42.Qe2 Kf8 43.Qh2 Qh5
44.Qxh5 gxh5 45.Nd6 Ke7 46.Kf2 Ke6 47.Ke2 Kd5 48.Ne4 b4 49.Kd2 a5 50.Kc1 a4
51.Kb1 a3 52.Nf6+ Kxc5 53.Nxh5 b3 54.axb3 Kb4 55.Ka2 Nd5 56.f5 Nc3+ 57.Ka1 Nd1
58.Ng7 Kxb3 59.Ne6 Ne3 60.Nxd4+ Kc3 61.f6  1-0

[Event "11th Prague Open A"]
[Site "Prague CZE"]
[Date "2012.01.17"]
[Round "6"]
[White "Kulhanek,T"]
[Black "Marques,Joa"]
[Result "1-0"]
[WhiteElo "2365"]
[BlackElo "2174"]

1.e4 c5 2.Nc3 Nc6 3.Bb5 Nd4 4.Bc4 g6 5.Nf3 Bg7 6.Nxd4 cxd4 7.Qf3 Nh6 8.Ne2 O-O
9.c3 dxc3 10.dxc3 Ng4 11.Qxg4 d5 12.Qh4 dxc4 13.O-O e5 14.Bg5 Qd3 15.Ng3 f6
16.Bh6 Qc2 17.Bxg7 Kxg7 18.f4 exf4 19.Rf2 Qd3 20.Qxf4 g5 21.Qc7+ Rf7 22.Nh5+ Kg6
23.Rxf6+ Rxf6 24.Nxf6  1-0

[Event "56th ch-BLR w 2012"]
[Site "Minsk BLR"]
[Date "2012.01.18"]
[Round "9.2"]
[White "Stetsko,L"]
[Black "Beinenson,Katsiaryna"]
[Result "1-0"]
[WhiteElo "2115"]
[BlackElo "1914"]

1.e4 c5 2.Nc3 Nc6 3.Nge2 e5 4.Nd5 Nf6 5.Nec3 Nxd5 6.Nxd5 d6 7.Bc4 a6 8.a4 Be7
9.O-O Bg5 10.d3 Bxc1 11.Rxc1 O-O 12.c3 Be6 13.Ne3 Ne7 14.Bxe6 fxe6 15.d4 exd4
16.cxd4 cxd4 17.Qxd4 Nc6 18.Qd2 Rf4 19.f3 Ne5 20.Kh1 Qf8 21.Rc7 Rf7 22.Rxf7 Nxf7
23.f4 Qe8 24.Qd4 Qc6 25.f5 e5 26.Qd5 Rc8 27.Qe6 Re8 28.Qd5 Rc8 29.b3 Qxd5
30.Nxd5 Rc2 31.h4 Kf8 32.Kh2 Nd8 33.Kg3 Nc6 34.Rf2 Rc1 35.f6 Re1 36.fxg7+ Kxg7
37.Nf6 Re3+ 38.Kg4 Rxb3 39.Ne8+ Kg8 40.Nxd6 Rb4 41.Kf5 Rxa4 42.Nxb7 Rb4 43.Nc5 Rb5
44.Nxa6 Nd4+ 45.Kg4 Rb6 46.Nc7 Rb1 47.Nd5 Re1 48.Kg5 Kg7 49.Nf6 Re3 50.Nh5+ Kg8
51.Kh6 Re1 52.Nf6+ Kf7 53.Nxh7+  1-0

[Event "10th Parsvnath Open"]
[Site "New Delhi IND"]
[Date "2012.01.18"]
[Round "6"]
[White "Sidhant,M"]
[Black "Ramnath,B"]
[Result "1/2-1/2"]
[WhiteElo "2168"]
[BlackElo "2357"]

1.e4 c5 2.Nc3 Nc6 3.Nge2 Nf6 4.g3 g6 5.d4 cxd4 6.Nxd4 d6 7.Bg2 Nxd4 8.Qxd4 Bg7
9.Be3 O-O 10.Qd2 Ng4 11.Bg5 h6 12.Bf4 g5 13.Be3 Nxe3 14.Qxe3 Be6 15.O-O Qb6
16.Nd5 Bxd5 17.exd5 Qxe3 18.fxe3 Bxb2 19.Rab1 Bf6 20.Rxb7 Rfe8 21.Rf2 Rab8
22.Rb3 Rbc8 23.Rb7 Rc4 24.Bf1 Ra4 25.c4 Rc8 26.Rd2 a6 27.Rb1 Rc5 28.Rc1 Rb4
29.Rdc2 a5 30.Kf2 Rc7 31.Rd1 a4 32.Bd3 a3 33.Re2 Kg7 34.g4 Rcb7 35.h3 Rb2
36.Rdd2 Rxd2 37.Rxd2 Bc3 38.Re2 Bb4 39.Re1 Kf6 40.Rb1 Ke5 41.Kf3 e6 42.dxe6 fxe6
43.Ke2 Rb8 44.Rb3 Rb6 45.Rb1 Rb8 46.Rb3 Rb6  1/2-1/2

[Event "20th Fajr Open"]
[Site "Tabriz IRI"]
[Date "2012.01.18"]
[Round "9.5"]
[White "Darini,P"]
[Black "Sevdimaliev,U"]
[Result "1-0"]
[WhiteElo "2458"]
[BlackElo "2143"]

1.e4 c5 2.Nf3 Nc6 3.Nc3 g6 4.d4 cxd4 5.Nxd4 Bg7 6.Be3 d6 7.Bc4 Nf6 8.f3 O-O
9.Qd2 Qa5 10.O-O-O Bd7 11.Kb1 Rfc8 12.Bb3 Ne5 13.g4 Nc4 14.Bxc4 Rxc4 15.Nb3 Qa6
16.e5 Nxg4 17.fxg4 Bxg4 18.Rde1 dxe5 19.Bh6 Bh8 20.Nd5 Qe6 21.Ne3 Rc6 22.Nxg4 Qxg4
23.Rhg1 Qa4 24.Qd7 Ra6 25.Rd1 Qxa2+ 26.Kc1 Qa4 27.Qxb7 Re8 28.Qd7 e4 29.Qxa4 Rxa4
30.Rd7 f5 31.Bg5 Kf7 32.c3 Bf6 33.Be3 a6 34.Kc2 Rc4 35.Ra1 Rec8 36.Na5 R4c7
37.Rxc7 Rxc7 38.c4 g5 39.Bb6 Rc8 40.c5 f4 41.c6 Be5 42.Rd1 Bc7 43.Bxc7 Rxc7
44.Rd7 Rc8 45.Rd4 e3 46.Kd3 Kf6 47.Ke2 h5 48.h4 Ke5 49.Rd7 gxh4 50.Rxe7+ Kf6
51.Re4 Kf5 52.Kf3 h3 53.Rxf4+ Kg5 54.Re4 h4 55.Re5+ Kg6 56.Rxe3 Rf8+ 57.Kg4 h2
58.Re1 Rf5 59.b4 Rg5+ 60.Kh3 Kf6  1-0

[Event "10th Parsvnath Open"]
[Site "New Delhi IND"]
[Date "2012.01.20"]
[Round "8.12"]
[White "Abhishek,D"]
[Black "Ashwin,J"]
[Result "0-1"]
[WhiteElo "2354"]
[BlackElo "2472"]

1.e4 c5 2.Nc3 Nc6 3.Nf3 d6 4.d4 cxd4 5.Nxd4 Nf6 6.Bg5 e6 7.Qd2 a6 8.O-O-O Be7
9.f3 Nxd4 10.Qxd4 b5 11.Kb1 Bb7 12.Bxf6 gxf6 13.f4 Qc7 14.Be2 Qc5 15.Bf3 Rc8
16.Qd2 a5 17.f5 b4 18.Ne2 e5 19.c3 Qb6 20.Rc1 Kd7 21.Rhd1 Rhg8 22.cxb4 axb4
23.Rxc8 Rxc8 24.b3 Bf8 25.Ng3 Rc3 26.Be2 Qe3 27.Qxe3 Rxe3 28.Bf3 Bh6 29.Kb2 Ba6
30.Nf1 Rc3 31.a3 Rc1 32.Ng3 bxa3+ 33.Kxa3 Rc2 34.Nh5 Ke7 35.Nxf6 Bc1+ 36.Ka4 Ra2+
37.Kb4 Ba3+ 38.Kc3 Bb2+ 39.Kb4 Kxf6 40.Rxd6+ Ke7 41.Rh6 Ba3+ 42.Kc3 Bc1  0-1

[Event "10th Parsvnath Open"]
[Site "New Delhi IND"]
[Date "2012.01.21"]
[Round "9.39"]
[White "Gusain,H"]
[Black "Pranavananda,V"]
[Result "1/2-1/2"]
[WhiteElo "2259"]
[BlackElo "1971"]

1.e4 c5 2.Nf3 Nc6 3.Nc3 g6 4.d4 cxd4 5.Nxd4 Bg7 6.Be3 Nf6 7.Bc4 O-O 8.Bb3 a5
9.a4 Ng4 10.Nxc6 Nxe3 11.Nxd8 Nxd1 12.Rxd1 Bxc3+ 13.bxc3 Rxd8 14.Bc4 d6 15.Rb1 Bd7
16.Rxb7 Rab8 17.Rxb8 Rxb8 18.Kd2 Bxa4 19.Ra1 Bc6 20.Bd5 Bxd5 21.exd5 Ra8
22.c4 Kg7 23.Kd3 Kf6 24.Kd4 e6 25.Ra4 h5 26.dxe6 Kxe6 27.h4 Kd7 28.c5 Kc6
29.cxd6 Kxd6 30.c3 Ra7 31.f3 Ra8 32.Kd3 Ra7 33.Kd4 Ra8 34.g3 f6 35.Kd3 Ra7
36.Kc2 Kc5 37.Rf4 Ra6 38.g4 hxg4 39.fxg4 Kd5 40.Ra4 Ke5 41.Kd3 f5 42.gxf5 Kxf5
43.Kd4 g5 44.hxg5 Kxg5  1/2-1/2

[Event "ch-Paracin 2012"]
[Site "Paracin SRB"]
[Date "2012.01.21"]
[Round "3.2"]
[White "Novoselski,Z"]
[Black "Milovanovic,Srb"]
[Result "0-1"]
[WhiteElo "2389"]
[BlackElo "2203"]

1.e4 c5 2.Nf3 Nc6 3.Nc3 Nf6 4.Bb5 Nd4 5.e5 Nxb5 6.Nxb5 Nd5 7.Ng5 f6 8.Ne4 f5
9.Nec3 Nxc3 10.Nxc3 g6 11.d3 d5 12.h4 d4 13.Ne2 Qd5 14.Bf4 Qxg2 15.Rg1 Qc6
16.c3 dxc3 17.bxc3 Be6 18.h5 gxh5 19.Be3 O-O-O 20.Nf4 Bh6 21.Nxh5 Bxe3 22.fxe3 Rhg8
23.Rf1 Bc4 24.Nf4 Bxd3 25.Nxd3 c4 26.Qh5 Rxd3 27.Qxf5+ Kb8 28.Qf4 Qg2 29.e6+ Ka8
30.Rd1 Rxd1+ 31.Kxd1 Rd8+ 32.Kc1 Qd2+ 33.Kb1 Qxc3 34.Rc1 Qd3+ 35.Rc2 Rc8
36.Qd4 Qxd4 37.exd4 Kb8 38.Kb2 Rc6 39.d5 Rc5 40.Rh2 Kc7 41.Rxh7 Kd6 42.Kc3 b5
43.a4 b4+ 44.Kxb4 c3 45.Rh8 a5+  0-1

[Event "72nd ch-ARM"]
[Site "Yerevan ARM"]
[Date "2012.01.21"]
[Round "10"]
[White "Simonian,H"]
[Black "Babujian,L"]
[Result "0-1"]
[WhiteElo "2470"]
[BlackElo "2474"]

1.e4 c5 2.Nc3 Nc6 3.Bb5 Nd4 4.Bc4 e6 5.Nge2 Nf6 6.O-O a6 7.a4 d5 8.exd5 exd5
9.Ba2 Bg4 10.h3 Bh5 11.g4 Nf3+ 12.Kg2 Nh4+ 13.Kh1 Nxg4 14.hxg4 Bxg4 15.Bxd5 Nf3
16.Kg2 Qf6 17.Rh1 O-O-O 18.d3 h5 19.Be4 h4 20.Be3 h3+ 21.Kf1 Bd6 22.Nd5 Qh4
23.Nef4 Nh2+ 24.Rxh2 Bxd1 25.Rxh3 Qg5 26.Rxh8 Rxh8 27.Rxd1 Qg4 28.Re1 Kb8
29.Bg2 Rh2 30.Bd2 Rh8 31.a5 Qf5 32.Ne2 Re8 33.Ne3 Qh5 34.Nc4 Bc7 35.Nc3 Rxe1+
36.Kxe1 f5 37.Nd5 Qg4 38.Nce3 Qg6 39.Nxc7 Kxc7 40.Kf1 Qh5 41.f4 Kc8 42.b3 g5
43.fxg5 f4 44.Nc4 f3 45.Bxf3 Qxf3+ 46.Ke1 Qg2 47.Nd6+ Kd7 48.Ne4 Kc6 49.Kd1 Qg1+
50.Be1 b5 51.axb6 c4 52.b7 Kc7 53.Kd2 cxb3 54.cxb3 Kxb7 55.Bf2 Qa1 56.Kc2 Kc6
57.Be3 Qa2+ 58.Kc3 Kd5 59.Nf6+ Ke6 60.Ne4 Kf5 61.Bd4 Qa1+ 62.Kc4 Qa5 63.Bc5 Qc7
64.b4 Qf7+ 65.Kc3 Ke6 66.Bd4 Kd5 67.Nf6+ Kc6 68.Ne4 Qe6 69.Bf6 Qg4 70.Kc4 Qg2
71.Bc3 Qh3 72.Bf6 Qc8 73.Kd4 Qg4 74.Ke5 Kd7 75.Nc5+ Ke8 76.Ne4 Kf7 77.Nd6+ Kg6
78.Ne4 Qd7 79.Nc5 Qb5 80.d4 Kf7 81.d5 Qxb4 82.Nxa6 Qb2+ 83.Kf4 Qf2+ 84.Ke5 Qe2+
85.Kf5 Qd3+ 86.Ke5 Qxa6  0-1

[Event "TCh-LTU 2012"]
[Site "Lithuania LTU"]
[Date "2012.01.22"]
[Round "2"]
[White "Narmontas,R"]
[Black "Chocenka,D"]
[Result "0-1"]
[WhiteElo "2116"]
[BlackElo "2284"]

1.e4 c5 2.Nc3 Nc6 3.Bb5 d6 4.Bxc6+ bxc6 5.f4 d5 6.d3 e6 7.Nf3 Bd6 8.O-O Ne7
9.Qe1 O-O 10.Qf2 Ng6 11.e5 Be7 12.Bd2 f6 13.Qg3 Qb6 14.Na4 Qc7 15.Rae1 fxe5
16.fxe5 Bd7 17.Bg5 Qa5 18.b3 Qb4 19.Bxe7 Nxe7 20.Qf2 d4 21.Nb2 Be8 22.Qh4 Ng6
23.Qg3 Qc3 24.Nc4 Qxc2 25.Ng5 Bd7 26.h4 Rxf1+ 27.Rxf1 Rf8 28.Rxf8+ Nxf8 29.Qf3 Be8
30.Kh2 Bg6 31.Qxc6 Bxd3 32.Nd6 Qf2 33.Nf3 Bf1 34.Ng5 d3 35.Nc8 Qxh4+ 36.Nh3 d2
37.Qd6 Bxg2 38.Ne7+ Kf7 39.Kxg2 Qg4+  0-1

[Event "10th Parsvnath Open"]
[Site "New Delhi IND"]
[Date "2012.01.22"]
[Round "10.28"]
[White "Visakh,NR"]
[Black "Abhishek,D"]
[Result "0-1"]
[WhiteElo "2046"]
[BlackElo "2354"]

1.e4 c5 2.Nf3 Nc6 3.Nc3 g6 4.d4 cxd4 5.Nxd4 Bg7 6.Be3 Nf6 7.Be2 O-O 8.O-O d5
9.exd5 Nxd5 10.Nxd5 Qxd5 11.c3 Nxd4 12.Bxd4 Bxd4 13.Qxd4 Qxd4 14.cxd4 Rd8
15.Rfd1 Be6 16.b3 Rac8 17.Bf3 Bd5 18.Bxd5 Rxd5 19.Kf1 Rc2 20.Rdc1 Rd2 21.Rc8+ Kg7
22.Re1 Rxa2 23.Rxe7 Rxd4 24.Rc3 Rd1+ 25.Re1 Rxe1+ 26.Kxe1 b5 27.Rc6 b4 28.Rc4 a5
29.Rc6 a4 30.bxa4 b3 31.Rb6 b2 32.Kd1 b1=Q+ 33.Rxb1 Rxf2 34.Rb4 Rxg2 35.h4 h5
36.Ke1 Kf6 37.Kf1 Ra2 38.Kg1 Ke5 39.Kf1  0-1

[Event "10th Parsvnath Open"]
[Site "New Delhi IND"]
[Date "2012.01.22"]
[Round "10.37"]
[White "Ankit,R"]
[Black "Debashish,Du"]
[Result "1-0"]
[WhiteElo "2349"]
[BlackElo "2129"]

1.e4 c5 2.Nc3 Nc6 3.Bb5 g6 4.Bxc6 dxc6 5.d3 Bg7 6.f4 c4 7.Nf3 cxd3 8.cxd3 Nf6
9.O-O O-O 10.d4 Bg4 11.Be3 Qb6 12.Rb1 Rfd8 13.h3 Be6 14.Qe2 Qb4 15.Qc2 Ne8
16.a3 Qa5 17.Rfd1 Nc7 18.Na4 Qh5 19.Nc5 Rdb8 20.Ng5 Bc8 21.g4 Qh4 22.Kg2 f5
23.gxf5 gxf5 24.d5 cxd5 25.exd5 b6  1-0

[Event "11th Marienbad Open"]
[Site "Marianske Lazne CZE"]
[Date "2012.01.23"]
[Round "3"]
[White "Fox,An"]
[Black "Bielczyk,J"]
[Result "1/2-1/2"]
[WhiteElo "2077"]
[BlackElo "2296"]

1.e4 c5 2.Nc3 Nc6 3.Bb5 e6 4.Bxc6 bxc6 5.d3 d5 6.Nf3 Nf6 7.O-O Be7 8.b3 O-O
9.Bb2 Ba6 10.Re1 Rb8 11.Na4 c4 12.Be5 Rc8 13.exd5 cxd5 14.Qd2 Nd7  1/2-1/2

[Event "10th Parsvnath Open"]
[Site "New Delhi IND"]
[Date "2012.01.23"]
[Round "11.28"]
[White "Ramnath,B"]
[Black "Thakurta,S"]
[Result "1/2-1/2"]
[WhiteElo "2357"]
[BlackElo "2204"]

1.e4 c5 2.Nf3 Nc6 3.Nc3 d6 4.d4 cxd4 5.Nxd4 e5 6.Ndb5 a6 7.Na3 b5 8.Nd5 Nf6
9.Bg5 Be7 10.Bxf6 Bxf6 11.c4 b4 12.Nc2 Rb8 13.b3 O-O 14.Be2 g6 15.Nxf6+ Qxf6
16.O-O a5 17.Bf3 Qe6 18.Qe2 a4 19.Rfd1 Kg7 20.Rd3 Rd8 21.Rad1 axb3 22.axb3 Ra8
23.Qe1 Bb7 24.h3 h5 25.R1d2 Qe7 26.Rd1 Qh4 27.Rxd6 Nd4 28.Nxd4 Rxd6 29.Nf5+ gxf5
30.Rxd6 fxe4 31.Bd1 Ra1 32.Qe3 Bc8 33.Qc5 Qf4 34.Rd8 Be6 35.Qf8+ Kf6 36.Qh8+ Ke7
37.Qf8+  1/2-1/2

[Event "15th Metropolitan IM"]
[Site "Los Angeles USA"]
[Date "2012.01.26"]
[Round "3"]
[White "Clawitter,C"]
[Black "Gupta,Ank"]
[Result "1/2-1/2"]
[WhiteElo "2082"]
[BlackElo "2175"]

1.e4 c5 2.Nc3 Nc6 3.Bb5 g6 4.Nf3 Bg7 5.O-O a6 6.Bxc6 bxc6 7.e5 f6 8.Qe2 fxe5
9.Nxe5 Qc7 10.f4 d6 11.Nf3 Nh6 12.Ne4 O-O 13.d3 Rb8 14.c3 a5 15.Neg5 Nf7
16.Ne6 Bxe6 17.Qxe6 Kh8 18.Rf2 Nd8 19.Qh3 Qc8 20.Qxc8 Rxc8 21.Nd2 a4  1/2-1/2

[Event "74th Tata Steel GMB"]
[Site "Wijk aan Zee NED"]
[Date "2012.01.27"]
[Round "11"]
[White "Vocaturo,D"]
[Black "Reinderman,D"]
[Result "0-1"]
[WhiteElo "2545"]
[BlackElo "2581"]

1.e4 c5 2.Nc3 Nc6 3.Bb5 Nf6 4.Bxc6 dxc6 5.d3 e5 6.f4 exf4 7.Bxf4 c4 8.dxc4 Qxd1+
9.Kxd1 Be6 10.e5 O-O-O+ 11.Ke1 Nd7 12.b3 Bf5 13.Nge2 Bxc2 14.Rc1 Bg6 15.h4 h5
16.Rh3 Re8 17.Kf1 Ba3 18.Rd1 Nxe5 19.Nd4 Re7 20.Ndb5 cxb5 21.Nd5 Re6 22.cxb5 Bd6
23.b6 axb6 24.Rc3+ Kb8 25.Nxb6 Nd3 26.Nd7+ Ka7 27.Bg5 f6 28.b4 Bxb4  0-1

[Event "Gibraltar Open"]
[Site "Caleta ENG"]
[Date "2012.01.28"]
[Round "5.107"]
[White "Tavares,S"]
[Black "Boesch,Heinz"]
[Result "1-0"]
[WhiteElo "2218"]
[BlackElo "1904"]

1.e4 c5 2.Nc3 Nc6 3.Bb5 Nd4 4.Bc4 g6 5.Nf3 Bg7 6.Nxd4 cxd4 7.Qf3 e6 8.Nb5 d6
9.Qa3 Bf8 10.Nxd4 Bd7 11.Qf3 Bg7 12.Ne2 Qc7 13.Bb3 Ne7 14.d4 O-O 15.O-O Bb5
16.c3 d5 17.Re1 dxe4 18.Qxe4 Bc6 19.Bf4 Qd7 20.Qc2 b5 21.a4 Rfc8 22.Be5 Qb7
23.f3 Bxe5 24.dxe5 b4 25.Nd4 bxc3 26.bxc3 Bd5 27.Rab1 Qc7 28.Rbc1 Qc5 29.Kh1 Rab8
30.Bxd5 Nxd5 31.Nb5 Rc6 32.Qd2 a6 33.Nd6 Rcb6 34.c4 Rb2 35.cxd5 Qxd6 36.Qxb2  1-0

[Event "11th Marienbad Open"]
[Site "Marianske Lazne CZE"]
[Date "2012.01.28"]
[Round "9"]
[White "Didenko,Sergei"]
[Black "Volodin,V"]
[Result "1-0"]
[WhiteElo "2205"]
[BlackElo "2209"]

1.e4 c5 2.Nc3 Nc6 3.Bb5 g6 4.Bxc6 dxc6 5.d3 Bg7 6.Be3 b6 7.Qd2 e5 8.Nge2 Be6
9.b3 Ne7 10.Bh6 O-O 11.Bxg7 Kxg7 12.O-O f6 13.f4 exf4 14.Nxf4 Qd7 15.Nce2 Rae8
16.Rae1 Bg4 17.Ng3 Qd4+ 18.Kh1 Ng8 19.h3 Bc8 20.Rf3 Ne7 21.Ref1 f5 22.c3 Qd6
23.d4 cxd4 24.cxd4 fxe4 25.Nfh5+ gxh5 26.Nxh5+ Kg8 27.Rf6 e3 28.Qxe3 Nf5
29.Qg5+ Kh8 30.Rxd6  1-0

[Event "Moscow Open Women 2012"]
[Site "Moscow RUS"]
[Date "2012.01.28"]
[Round "1.37"]
[White "Avdeenko,T"]
[Black "Vyalykh,Anastasiya"]
[Result "1-0"]
[WhiteElo "2203"]
[BlackElo "1764"]

1.e4 c5 2.Nc3 Nc6 3.Bb5 g6 4.d3 Bg7 5.f4 d6 6.Nf3 Nf6 7.O-O O-O 8.Bxc6 bxc6
9.Qe1 c4 10.dxc4 Ba6 11.e5 Nd7 12.e6 Nc5 13.exf7+ Rxf7 14.Ng5 Rf6 15.b3 h6
16.Nh3 Re6 17.Qg3 Kh7 18.Bd2 Qf8 19.b4 Ne4 20.Ng5+ Nxg5 21.fxg5 Qg8 22.b5 cxb5
23.cxb5 Bxc3 24.Bxc3 Bxb5 25.Rf4 Rf8 26.Qh3  1-0

[Event "Moscow Open 2012 A"]
[Site "Moscow RUS"]
[Date "2012.01.28"]
[Round "1.87"]
[White "Melnikov,E"]
[Black "Shvedchikov,A"]
[Result "1-0"]
[WhiteElo "2031"]
[BlackElo "2414"]

1.e4 c5 2.Nc3 Nc6 3.Nf3 g6 4.d4 cxd4 5.Nxd4 Bg7 6.Be3 Nf6 7.Nxc6 bxc6 8.e5 Ng8
9.f4 f6 10.e6 dxe6 11.Qf3 Rb8 12.Qxc6+ Bd7 13.Qa6 Rxb2 14.O-O-O Qb8 15.Rxd7 Kxd7
16.Bc4 Rb6 17.Qa4+ Kc7 18.Nb5+ Kb7 19.Bxb6 Kxb6 20.Bxe6 f5 21.Na3 Nf6 22.Rd1 a6
23.Rd3 Ka7 24.Rb3 Qxb3 25.axb3 Ne4 26.Qd7+ Kb6 27.Nc4+ Kc5 28.Qd5+  1-0

[Event "Moscow Open F 2012"]
[Site "Moscow RUS"]
[Date "2012.01.28"]
[Round "1.11"]
[White "Rjanova,V"]
[Black "Shalin,Alexey"]
[Result "1-0"]
[WhiteElo "2235"]
[BlackElo "1938"]

1.e4 c5 2.Nc3 Nc6 3.Bb5 g6 4.Bxc6 bxc6 5.d3 Bg7 6.f4 d6 7.Nf3 Bg4 8.O-O e6
9.h3 Bxf3 10.Qxf3 Qd7 11.f5 O-O-O 12.Ne2 exf5 13.exf5 gxf5 14.Rb1 Kc7 15.Bd2 Rb8
16.b4 cxb4 17.Bxb4 Ne7 18.c4 Kc8 19.d4 Rd8 20.Ba5 Re8 21.Qd3 c5 22.Rxb8+ Kxb8
23.dxc5 Nc6 24.Bc3 Bxc3 25.Nxc3 Rd8 26.Rd1 Ne5 27.Qd5 Qc6 28.Qxc6 Nxc6 29.cxd6 Kc8
30.c5 Kd7 31.Rb1 Rc8 32.Rb7+ Ke6 33.Kf2 Na5 34.Re7+ Kf6 35.Nd5+ Kg7 36.Rc7  1-0

[Event "17th HIT Open A"]
[Site "Nova Gorica SLO"]
[Date "2012.01.28"]
[Round "2"]
[White "Sambo,P"]
[Black "Bratkovic,Jakob"]
[Result "0-1"]
[WhiteElo "1679"]
[BlackElo "1880"]

1.e4 c5 2.Nf3 Nc6 3.Nc3 e6 4.Bb5 Qc7 5.Ba4 a6 6.Ne2 b5 7.Bb3 c4 8.Bxc4 bxc4
9.d4 cxd3 10.cxd3 Bb4+ 11.Bd2 Bxd2+ 12.Qxd2 Nf6 13.O-O O-O 14.a3 Bb7 15.h3 Rac8
16.Rfc1 Qb8 17.b4 d5 18.exd5 Nxd5 19.Rc2 Ne5 20.Nxe5 Qxe5 21.Rac1 Rxc2 22.Qxc2 g6
23.d4 Qb8 24.Qd2 Rc8 25.Rc5 Nf6 26.f3 Nd7 27.Rg5 Bc6 28.Nc3 Nb6 29.Rc5 Bd5
30.Qg5 Nd7 31.Nxd5 exd5 32.Rxc8+ Qxc8 33.Qxd5 Nf6 34.Qe5 Nd7 35.Qd6 Nf8 36.Kh2 Ne6
37.Qe5 Qc7 38.Qxc7 Nxc7 39.Kg3 Nb5 40.a4 Nxd4 41.Kf4 Ne2+ 42.Ke5 Nc3 43.b5 Nxb5
44.axb5 axb5 45.Kd5 Kg7 46.Kc5 Kf6 47.Kxb5 Kf5 48.g3 g5 49.Kc4 h5 50.Kd3 Ke5
51.Ke3 f5 52.f4+ gxf4+ 53.gxf4+ Kd5 54.Kd3 h4 55.Kc3 Ke4  0-1

[Event "TCh-BEL 2011-12"]
[Site "Belgium BEL"]
[Date "2012.01.29"]
[Round "7.1"]
[White "Guliyev,N"]
[Black "Daels,M"]
[Result "1/2-1/2"]
[WhiteElo "2554"]
[BlackElo "2233"]

1.e4 c5 2.Nf3 Nc6 3.Nc3 Nf6 4.Bb5 g6 5.e5 Ng4 6.Bxc6 dxc6 7.h3 Nh6 8.d3 Nf5
9.Bf4 Bg7 10.Qd2 Nd4 11.O-O-O Nxf3 12.gxf3 Qa5 13.Qe3 Be6 14.Ne4 Qxa2 15.Nxc5 O-O-O
16.Kd2 Qa5+ 17.Ke2 Rd5 18.Nxe6 fxe6 19.Ra1 Qc5 20.Qxc5 Rxc5 21.c4 a5 22.Ra4 Rd8
23.Rd1 Bxe5 24.b4 axb4 25.Be3 Bd4 26.Ra8+ Kc7 27.Rxd8 Bxe3 28.Re8 Kd7 29.Rb8 Kc7
30.Rh8 Bd4 31.Rxh7 Re5+ 32.Kf1 b3 33.Rxe7+ Kb6 34.f4 Rf5 35.Ke2 Rxf4 36.f3 Rh4
37.Rb1 b2 38.Rxe6 Rxh3 39.f4 Rg3 40.Kd2 Kc5 41.Kc2 Rg2+ 42.Kb3 Rd2 43.Rf1 Rxd3+
44.Ka2 Kb4 45.Kb1 Ra3 46.Kc2 Rc3+ 47.Kb1 Ra3  1/2-1/2

[Event "TCh-CZE Liga 1 Zapad"]
[Site "Czech Rep CZE"]
[Date "2012.01.29"]
[Round "7.1"]
[White "Kulhanek,T"]
[Black "Svoboda,V2"]
[Result "1-0"]
[WhiteElo "2371"]
[BlackElo "2321"]

1.e4 c5 2.Nc3 Nc6 3.Bb5 g6 4.Bxc6 bxc6 5.d3 Bg7 6.f4 d6 7.Nf3 Nh6 8.O-O O-O
9.Qe1 f6 10.Bd2 Nf7 11.Qg3 c4 12.d4 Qb6 13.Na4 Qb5 14.b3 cxb3 15.cxb3 Bd7
16.Rac1 Qh5 17.Bc3 Rac8 18.Nb2 Rfe8 19.h3 c5 20.d5 e6 21.Rcd1 e5 22.fxe5 fxe5
23.Bd2 Bh6 24.Nc4 Bb5 25.Bxh6 Bxc4 26.bxc4 Qxh6 27.Nh2 Qg5 28.Ng4 Kg7 29.h4 Qe7
30.Rf6 Rf8 31.Re6 Qd8 32.Nf6 Qxf6 33.Rxf6 Kxf6 34.Rf1+ Kg7 35.Qg4 Rc7 36.Qe6 Rd8
37.h5 gxh5 38.Qf6+ Kg8 39.Rf3 Rb8 40.Rg3+ Kf8 41.Rg7 Rbb7 42.Rxh7 Ke8 43.Qg6 Kd8
44.Qxh5 Re7 45.Kh2 a5 46.Qg6 a4 47.Qf6 Kc8 48.Rg7 Kb8 49.Qf3 Red7 50.Qd1 Rb4
51.a3 Rb3 52.Qe1 Rc7 53.Rg8+ Kb7 54.Qa5 Nd8 55.Rh8 Rb2 56.Qc3 Rb3 57.Qc2 Nf7
58.Rh3 Rb6 59.Qxa4 Ng5 60.Rh8 Ra6 61.Qe8 Kb6 62.Qb5+  1-0

[Event "TCh-HUN 2011-12"]
[Site "Kecskemet HUN"]
[Date "2012.01.29"]
[Round "5"]
[White "Marinkovic,I"]
[Black "Horvath,P2"]
[Result "1-0"]
[WhiteElo "2425"]
[BlackElo "1901"]

1.e4 c5 2.Nc3 Nc6 3.Nge2 Nf6 4.g3 g6 5.Bg2 Bg7 6.O-O O-O 7.d3 d6 8.h3 Ne8
9.Be3 Nd4 10.Rb1 Nc7 11.f4 Rb8 12.Bf2 b5 13.Nxd4 cxd4 14.Ne2 e5 15.c3 dxc3
16.bxc3 a5 17.Qd2 Bd7 18.f5 Bc6 19.g4 d5 20.Qe3 f6 21.h4 Qe7 22.Ng3 Rfd8
23.g5 Be8 24.Qc5 Qxc5 25.Bxc5 fxg5 26.hxg5 gxf5 27.exf5 Bf7 28.Rbe1 e4 29.f6 Bf8
30.Bxf8 Kxf8 31.dxe4 d4 32.cxd4 Rxd4 33.Nf5 Rd2 34.e5 Ne6 35.Rd1 Rbd8 36.Rxd2 Rxd2
37.Nd6 Nxg5 38.Rc1 Bc4 39.Nxc4 bxc4 40.Rxc4 Re2 41.Rc8+  1-0

[Event "ch-TUR 2012"]
[Site "Kemer TUR"]
[Date "2012.01.29"]
[Round "1"]
[White "Metin,O"]
[Black "Carkcioglu,Serkan"]
[Result "1-0"]
[WhiteElo "2005"]
[BlackElo "1404"]

1.e4 c5 2.Nf3 Nc6 3.Nc3 a6 4.d4 cxd4 5.Nxd4 e6 6.Be2 Bb4 7.O-O Nge7 8.Kh1 O-O
9.f4 b5 10.f5 exf5 11.exf5 f6 12.a4 bxa4 13.Bc4+ Kh8 14.Rf3 Ne5 15.Rh3 Nxc4
16.Qh5 h6 17.Bxh6 Qe8 18.Bxg7+ Kg8 19.Qh7+ Kf7 20.Bh8+  1-0

[Event "ch-TUR 2012"]
[Site "Kemer TUR"]
[Date "2012.01.29"]
[Round "2"]
[White "Selbes,T"]
[Black "Baglan,E"]
[Result "1-0"]
[WhiteElo "2264"]
[BlackElo "1913"]

1.e4 c5 2.Nf3 Nc6 3.Nc3 g6 4.d4 cxd4 5.Nxd4 Bg7 6.Be3 Nf6 7.Bc4 O-O 8.Bb3 d6
9.f3 Bd7 10.Qd2 Qa5 11.O-O-O Rfc8 12.Kb1 Ne5 13.g4 Rab8 14.Bh6 Bxh6 15.Qxh6 Rxc3
16.bxc3 Qxc3 17.h4 b5 18.h5 Nc4 19.Qc1 a5 20.hxg6 fxg6 21.Rd3 Qb4 22.Ka1 Qc5
23.c3 a4 24.Bxc4+ Qxc4 25.Rhd1 Rc8 26.Qd2 Be8 27.Nc2 Bf7 28.Ne3 Qc5 29.Rh1 Qe5
30.Qh2 Qxh2 31.Rxh2 Nd7 32.Nd5 Bxd5 33.Rxd5 Rxc3 34.Rxb5 Rxf3 35.Rb7 a3 36.Kb1 Ne5
37.Rxe7 Nxg4 38.Rhxh7 Ne5 39.Reg7+ Kf8 40.Rb7 Kg8 41.Rhg7+ Kf8 42.Rgc7 Nf7
43.Rb3 Rf1+ 44.Rc1 Rf4 45.Rxa3 Rxe4 46.Rf3 Re7 47.a4 Kg7 48.a5 Ra7 49.Ra3 g5
50.a6 g4 51.Rc4 Ne5 52.Rb4 Kf6 53.Rb7 Nc6 54.Rxa7 Nxa7 55.Rb3 Kf5 56.Rb7 Nc8
57.Kc2 Ke4 58.Rg7 Kd5 59.a7 Nxa7 60.Rxa7 Ke4 61.Rg7 Kf3 62.Kd3 d5 63.Rf7+ Kg2
64.Ke3 g3 65.Rg7 d4+ 66.Kf4  1-0

[Event "Moscow Open F 2012"]
[Site "Moscow RUS"]
[Date "2012.01.29"]
[Round "2.20"]
[White "Arnatskaya,Z"]
[Black "Uljianova,N"]
[Result "1/2-1/2"]
[WhiteElo "1859"]
[BlackElo "2004"]

1.e4 c5 2.Nc3 Nc6 3.Bb5 Nd4 4.Bc4 g6 5.Nge2 Bg7 6.d3 e6 7.Be3 Ne7 8.Bb3 Nec6
9.Qd2 h5 10.Bg5 Qa5 11.Nxd4 cxd4 12.Ne2 Qxd2+ 13.Bxd2 d6 14.c3 dxc3 15.Bxc3 Bxc3+
16.Nxc3 Nd4 17.Ba4+ Bd7 18.Bxd7+ Kxd7 19.Kd2 Rac8 20.Rac1 Rc6 21.Ke3 e5 22.Ne2 Nxe2
23.Kxe2 Rhc8 24.Kd2  1/2-1/2

[Event "Moscow Open Women 2012"]
[Site "Moscow RUS"]
[Date "2012.01.29"]
[Round "2.67"]
[White "Stanetskaya,Galina"]
[Black "Egorova,Ayyyna"]
[Result "0-1"]
[WhiteElo "1534"]
[BlackElo "1835"]

1.e4 c5 2.Nc3 Nc6 3.Nf3 g6 4.d4 cxd4 5.Nxd4 Bg7 6.Nxc6 bxc6 7.Bd3 d6 8.O-O Nf6
9.Bg5 h6 10.Bh4 O-O 11.h3 Rb8 12.Rb1 Nd7 13.Qd2 Nc5 14.Bg3 Qa5 15.Bf4 Rxb2
16.Qc1 Qxc3 17.Bxh6 Rxb1 18.Qxb1 Bxh6 19.f4 Nxd3 20.cxd3 Ba6 21.f5 Bxd3 22.Qe1 Qd4+
23.Rf2 Be3  0-1

[Event "Moscow Open 2012 A"]
[Site "Moscow RUS"]
[Date "2012.01.29"]
[Round "2.59"]
[White "Loskutov,O"]
[Black "Anfinogenov,A"]
[Result "0-1"]
[WhiteElo "2439"]
[BlackElo "2109"]

1.e4 c5 2.Nf3 Nc6 3.Nc3 d6 4.d4 cxd4 5.Nxd4 e5 6.Nf3 a6 7.a4 Be7 8.Be2 Nf6
9.O-O O-O 10.h3 Be6 11.Ng5 Nd4 12.Nxe6 Nxe2+ 13.Qxe2 fxe6 14.Qc4 d5 15.exd5 exd5
16.Qb3 Rf7 17.Qxb7 Bd6 18.Qb3 Rb8 19.Qa2 d4 20.Nd5 Ne4 21.Qc4 Qh4 22.f3 Rbf8
23.Be3 dxe3 24.Qxe4 Qxe4 25.fxe4 Bc5 26.Rxf7 Rxf7 27.Re1 Rf2 28.b4 Ba7 29.Ne7+ Kf7
30.Nc6 Bb6 31.a5 Bc7 32.b5 Rxc2 33.Nb4 Rc4 34.bxa6 Bxa5 35.a7 Rc8 36.Ra1 Bxb4
37.Kf1 Ra8  0-1

[Event "85th ch-St Petersburg SF"]
[Site "St Petersburg RUS"]
[Date "2012.01.29"]
[Round "2.15"]
[White "Skvortsov,Alexander"]
[Black "Gorbatenko,A"]
[Result "0-1"]
[WhiteElo "2169"]
[BlackElo "2082"]

1.e4 c5 2.Nf3 Nc6 3.Nc3 g6 4.d4 cxd4 5.Nxd4 Bg7 6.Be3 Nf6 7.Bc4 O-O 8.Bb3 a5
9.a4 Ng4 10.Nxc6 Nxe3 11.Nxd8 Nxd1 12.Rxd1 Bxc3+ 13.bxc3 Rxd8 14.O-O d6 15.e5 Ra6
16.Rd2 Kg7 17.f4 Rc6 18.Re1 Kf8 19.Re3 Bf5 20.h3 h5 21.Kf2 h4 22.Rde2 e6
23.Rd2 Ke7 24.exd6+ Rcxd6 25.Rxd6 Rxd6 26.Ke2 f6 27.Ke1 Kd7 28.Ke2 Kc6 29.Bc4 Bxc2
30.Bxe6 Bxa4 31.Bf7 Bc2 32.Re8 Kb5 33.Rh8 Ka4 34.Rxh4 Ka3 35.Rh8 Kb2 36.Ra8 a4
37.f5 g5 38.Ra7 b6 39.c4 Bb3 40.c5 bxc5 41.Rb7 Ka3 42.Be8 c4 43.Bb5 c3 44.Bd3 c2
45.Rc7 Kb2  0-1